00253nam a2200109Ia 4500008004100000100001800041245002400059260002700083300000900110942000700119999001700126190216s9999||||xx |||||||||||||| ||und|| aSrinivasa Rao 0aClassical Mechanics bUniversity Pressc2003 a346p cBK c33798d33798